01509nam a2200349 a 4500001001000000003000500010005001700015008004100032010001100073011001100084040000900095090001000104100004200114245020000156260004100356500006000397502007400457590002800531590002700559590002700586650004500613650004700658650005000705700003900755856007000794901000700864942001500871942001100886999001900897952011900916952012401035000109470CHAP20220412114222.0140506s2013 mx sm |||||||spa d a105932 a106904 cCHAP aTesis1 aSantiago Celis, Joesl Octavio912670210aEvaluación técnico financiera de la producción de hoja de plátano en la palma (el Barreal), Córdoba, Veracruzh[En línea]cpor Joel Octavio Santiago Celis y Saúl González Estrada. aChapingo, Méx. :bEl autor,c2013. aPara ver el contenido del material haga clic en la liga aTesis (Ing. Agr. Esp. en Fitotecnia) -- UACH. Departamento Fitotecnia aBATCH-UPDb05c20141002 aE5765TAJb05c20140506 aE5765TAJb05c2014050614aPlátanoxAspectos económicos.98920614aPlátanoxSubproductosxMercadeo.912670414aPlátanoxSubproductosxRendimiento.91267051 aGonzález Estrada, Saúl9126703 aFinding aiduhttp://10.13.5.2/tesis/sist109470.pdfzTeclea aquí aBK cTESIS2ddc n02ddc c105932d105932 00102local40718TESISaBCbBCd2014-05-06fTESISl0oTesisp33724002403280r2019-12-31 00:00:00w2014-05-06yCD 00102local40718TESISaBCbBCd2014-05-06fTESISl0oTesisp33724002403322r2019-12-31 00:00:00tc.2w2014-05-06yCD